W jakich krajach mieszkają Polacy? - Statystyki

Ogólne statystyki
  • Ten quiz został rozwiązany 133 razy
  • Średni wynik to 42 z 51
Statystyki odpowiedzi
Ludność Państwo % Poprawnych
1 500 000 Niemcy
100%
9 740 368 Stany Zjednoczone
100%
37 394 000 Polska
97%
57 250 Hiszpania
96%
47 125 Rosja
96%
3 084 Słowacja
96%
144 130 Ukraina
96%
39 269 Czechy
95%
803 Portugalia
95%
654 010 Wielka Brytania
95%
84 619 Włochy
95%
800 000 Brazylia
94%
200 317 Litwa
94%
95 076 Szwecja
94%
900 000 Francja
93%
65 748 Norwegia
92%
49 697 Belgia
91%
122 585 Irlandia
91%
14 145 Grecja
90%
170 000 Argentyna
89%
52 473 Niderlandy
89%
500 Turcja
89%
41 509 Austria
88%
1 010 705 Kanada
88%
44 772 Łotwa
88%
170 354 Australia
87%
294 549 Białoruś
85%
1 664 Estonia
85%
216 Chorwacja
84%
8 627 Islandia
84%
2 543 Rumunia
84%
33 957 Szwajcaria
84%
29 864 Dania
83%
10 000 Meksyk
83%
2 241 Finlandia
81%
261 Słowenia
81%
7 001 Węgry
81%
819 Bułgaria
80%
249 Serbia
76%
2 166 Nowa Zelandia
69%
2 709 Luksemburg
68%
162 Macedonia Północna
68%
4 174 Mołdawia
68%
47 Albania
65%
34 057 Kazachstan
64%
57 Czarnogóra
62%
30 000 Republika Południowej Afryki
62%
258 Bośnia i Hercegowina
58%
1 000 Gruzja
58%
201 Malta
58%
2 859 Cypr
55%
Nie znaleziono quizów pasujących do podanych kryteriów
Rozkład punktacji
Procent ludzi z każdym wynikiem
Percentyl według liczby udzielonych odpowiedzi
Twoja historia wyników
Nie rozwiązałeś tego quizu